000
00284nam a2200109Ia 4500
008
190216s9999||||xx |||||||||||||| ||und||
100
_a
Taggi V P
245
0
_a
Hindi-Pracheen Bharath Ke Vainjanik Aue Unki Upladiyam
260
_b
Poorna Pubs Kozhikode
650
_a
Hindi
942
_c
BK
999
_c
15352
_d
15352